000 00627nam a22001937a 4500
999 _c13136
_d13136
003 AR-CdUCM
008 190411b ||||| |||| 00| 0 spa d
040 _aMUNICIPALIDAD PROVINCIAL DEL CUSCO
_cBIBLIOTECA MUNICIPAL DEL CUSCO
082 _aC / 540 /
_bK96
100 _aKuon Cabello, Jorge,
_931347
245 _aLa química y el progreso terapéutico /
260 _bEdit. Garcilaso
_c1957.
300 _a16 paginas ;
_c23 cm.
505 _aContenido :La química y el progreso terapéutico /
650 _aQuímica farmacéutica
_931348
650 _aHistoria.
_9136
942 _2ddc
_cLIBROS
945 _arjall
_d2019-04-11